Statistics for People with S Initials

Click here to take the quiz!

General Stats

  • This quiz has been taken 31,478 times
    (16,506 since last reset)
  • The average score is 15 of 22

Answer Stats

CluePerson% Correct
SJApple founderSteve Jobs
95%
SSHe was Rocky and RamboSylvester Stallone
91%
SHPhysicist with ALS disease
who studied black holes
Stephen Hawking
89%
SFPsychotherapy inventorSigmund Freud
88%
SKAuthor of "The Shining"Stephen King
86%
SDSpanish surrealist painterSalvador Dali
85%
SIHunter of crocodilesSteve Irwin
84%
SGPop singer who once dated
Justin Bieber
Selena Gomez
80%
SC"Shaken, not shtirred", he saidSean Connery
76%
SB"Miss Congeniality" starSandra Bullock
76%
SLFormer Marvel Comics
chairman
Stan Lee
71%
SWStar of "Alien"Sigourney Weaver
71%
ST1930s child actress
who became an ambassador
Shirley Temple
69%
SPAlaska's most notorious
hockey mom
Sarah Palin
69%
SN"Fleetwood Mac" singerStevie Nicks
64%
SR"Satanic Verses" author who
the ayatollah wanted dead
Salman Rushdie
56%
SASuffragette who appears
on a $1 coin
Susan B. Anthony
53%
SYFormer 49er's quarterback -
descendent of a Mormon pioneer
Steve Young
53%
SOKobe's one-time colleagueShaquille O'Neal
50%
SVSex Pistols bassistSid Vicious
49%
SMStar of "The Great Escape"
and "Bullitt"
Steve McQueen
48%
SEDeep-voiced, mustachioed
actor who requests sarsaparilla
Sam Elliott
20%

Score Distribution

Percentile by Number Answered

Percent of People with Each Score

Your Score History

You have not taken this quiz since the last reset